000 00354nam a22001457a 4500
005 20250124131450.0
008 250124b |||||||| |||| 00| 0 eng d
020 _a9780582305786
050 _aPE 2839 LON
_b1
100 _aLONGMAN
245 _aLongman Idioms Dictionary
260 _aEngland
_blongman
_c1998c
300 _axi, 398p
942 _2lcc
_cBK
_n0
999 _c3018
_d3018